000 00752nam a2200181Ia 4500
008 151018s9999 xx 000 0 und d
082 _bRBASDV24908
_a891.463
100 _aमंदाकिनी आष्टीकर
245 _aतृषार्थ शिंपला मिटुनी गेला
250 _b1
260 _bनवचेतन्य प्रकाशन मुंबई
_c1992
300 _a239
600 _aमंदाकिनी आष्टीकर
630 _aतृषार्थ शिंपला मिटुनी गेला
700 _aमंदाकिनी आष्टीकर
730 _aतृषार्थ शिंपला मिटुनी गेला
942 _cBOOK
999 _c1024535
_d1024532